| 000 | 00804nam a2200289Ia 4500 | ||
|---|---|---|---|
| 001 | Para_1535 | ||
| 003 | CHAP | ||
| 008 | 220125s1988 xx 000 0 und d | ||
| 010 | _a198900 | ||
| 040 | _cCHAP | ||
| 082 | _aPA 632.95 K53 | ||
| 100 |
_aKidd, Hamish _963166 |
||
| 245 |
_aPesticide index / _c by Hamish Kidd and Douglas Hartley |
||
| 260 |
_aNottingham : _b Royal Society of Chemistry |
||
| 300 | _a258 p. | ||
| 650 |
_aPesticidas _987536 |
||
| 650 |
_aPesticidas _x aplicación _987539 |
||
| 650 |
_aPlantas _x crecimiento _x aditivos _988804 |
||
| 700 |
_aHartley, Douglas _9164199 |
||
| 901 | _aPA 632.95 K53 | ||
| 902 | _aA | ||
| 905 | _a0000001988 0000000000 00 | ||
| 910 | _a1988 | ||
| 942 | _cPARA | ||
| 942 |
_cPARA _d1 |
||
| 999 |
_c198900 _d198900 |
||